Biện pháp quản lý đội ngũ tổ trưởng bộ môn của Hiệu trưởng các trường Cao đẳng trên địa bàn tỉnh Quảng Nam

Cơ sở lý luận về quản lý nhằm nâng cao chất lượng đội ngũ tổ trưởng bộ môn trong các trường Cao đẳng. Thực trạng chất lượng đội ngũ tổ trưởng bộ môn và công tác quản lý đội ngũ tổ trưởng bộ môn của các trường Cao đẳng trên địa bàn tỉnh Quảng Nam. Một số biện pháp quản lý của Hiệu trường nhằm nâng ca...

সম্পূর্ণ বিবরণ

সংরক্ষণ করুন:
গ্রন্থ-পঞ্জীর বিবরন
প্রধান লেখক: Lê Thị Ngọc Chi
অন্যান্য লেখক: Nguyễn Phúc Châu TS (Hướng dẫn)
বিন্যাস: গ্রন্থ
ভাষা:Vietnamese
প্রকাশিত: Đà Nẵng Đại học Đà Nẵng 2008
বিষয়গুলি:
ট্যাগগুলো: ট্যাগ যুক্ত করুন
কোনো ট্যাগ নেই, প্রথমজন হিসাবে ট্যাগ করুন!
Thư viện lưu trữ: Mạng thư viện Đại học Đà Nẵng
LEADER 01982nam a2200349 4500
001 000010788
003 7007
005 20111221081237.0
008 111221s2008 viesd
041 |a vie 
072 |a Luận văn Thạc sĩ khoa học giáo dục 
082 |a 371.1  |b LÊ-C 
100 1 |a Lê Thị Ngọc Chi 
245 1 |a Biện pháp quản lý đội ngũ tổ trưởng bộ môn của Hiệu trưởng các trường Cao đẳng trên địa bàn tỉnh Quảng Nam  |c Lê Thị Ngọc Chi 
260 |a Đà Nẵng  |b Đại học Đà Nẵng  |c 2008 
300 |a 103 tr.  |c 29 cm  |e 1 tóm tắt 
500 |a Luận văn Thạc sĩ Khoa học giáo dục. Chuyên ngành: Quản lý giáo dục. Mã số: 60.14.05 
520 |a Cơ sở lý luận về quản lý nhằm nâng cao chất lượng đội ngũ tổ trưởng bộ môn trong các trường Cao đẳng. Thực trạng chất lượng đội ngũ tổ trưởng bộ môn và công tác quản lý đội ngũ tổ trưởng bộ môn của các trường Cao đẳng trên địa bàn tỉnh Quảng Nam. Một số biện pháp quản lý của Hiệu trường nhằm nâng cao chất lượng đội ngũ tổ trưởng bộ môn trong các trường Cao đẳng trên địa bàn Quảng Nam. 
653 |a Chức năng cơ bản quản lý 
653 |a Luận văn Thạc sĩ Khoa học giáo dục 
653 |a Trường Cao đẳng tỉnh Quảng Nam 
700 1 |a Nguyễn Phúc Châu  |c TS  |e Hướng dẫn 
OWN |a LSP 
AVA |a UDN50  |b LSP  |d 371.1 LÊ-C  |e available  |t Error 5001 Not defined in file expand_doc_bib_avail.  |f 1  |g 0  |h N  |i 0  |k 1 
999 |a From the UDN01 
AVA |a UDN50  |b LSP  |d 371.1 LÊ-C  |e available  |t Error 5001 Not defined in file expand_doc_bib_avail.  |f 1  |g 0  |h N  |i 0  |k 1 
TYP |a Monograph 
TYP |a Printed language 
980 |a Mạng thư viện Đại học Đà Nẵng